[Event "Rated Blitz game"]
[Site "?"]
[Date "2021.03.29"]
[Round "?"]
[White "JohnChapman"]
[Black "KamranShirazi"]
[Result "0-1"]
[WhiteElo "2470"]
[BlackElo "2530"]
[PlyCount "76"]
[EventDate "2021.??.??"]
[EventType "blitz"]

1. e4 e5 2. Nf3 d5 3. exd5 e4 4. Qe2 Nf6 5. d3 Qxd5 6. Nc3 Bb4 7. Bd2 Bxc3 8.
Bxc3 O-O 9. Ne5 Nc6 10. Nxc6 Qxc6 11. Bxf6 Qxf6 12. O-O-O exd3 13. Rxd3 Bf5 14.
Re3 Rad8 15. g4 Bxg4 16. Qxg4 Qxf2 17. Qe2 Qf4 18. Bg2 Rfe8 19. Re1 b6 20. c3
g6 21. Kc2 Rxe3 22. Qxe3 Qxh2 23. Re2 Qd6 24. Rd2 Qxd2+ 25. Qxd2 Rxd2+ 26. Kxd2
Kg7 27. Ke3 Kf6 28. Kd4 Ke6 29. Bd5+ Ke7 30. Kc4 f6 31. b4 Kd6 32. Bg8 h6 33.
Bf7 g5 34. Kd4 f5 35. c4 c5+ 36. bxc5+ bxc5+ 37. Ke3 Ke5 38. Bd5 g4 {Normal}
0-1

[Event "Rated Blitz tournament hthMfUCV"]
[Site "?"]
[Date "2021.03.29"]
[Round "?"]
[White "andrey666"]
[Black "yatayo"]
[Result "0-1"]
[WhiteElo "2205"]
[BlackElo "2407"]
[PlyCount "60"]
[EventDate "2021.??.??"]
[EventType "blitz"]

1. e4 e5 2. Nf3 d5 3. exd5 e4 4. Ne5 Qxd5 5. d4 exd3 6. Nxd3 Nf6 7. Be2 Qxg2 8.
Bf3 Qh3 9. Bf4 Bd6 10. Bg3 Bxg3 11. hxg3 Qe6+ 12. Kf1 O-O 13. Nd2 Nc6 14. Nb3
Rd8 15. Nbc5 Qf5 16. Kg2 Nd4 17. Nxb7 Bxb7 18. Bxb7 Rab8 19. Bf3 c5 20. b3 Rbc8
21. Rh4 g5 22. Rh6 Kg7 23. Rh2 c4 24. bxc4 Rxc4 25. Rc1 Nxf3 26. Qxf3 Qxf3+ 27.
Kxf3 Rxd3+ 28. cxd3 Rxc1 29. Ke3 Rc2 30. d4 Ng4+ {Normal} 0-1

[Event "Rated Blitz game"]
[Site "?"]
[Date "2021.03.29"]
[Round "?"]
[White "TrispiosReturns"]
[Black "Jomajo"]
[Result "0-1"]
[WhiteElo "2536"]
[BlackElo "2615"]
[PlyCount "122"]
[EventDate "2021.??.??"]
[EventType "blitz"]

1. e4 e5 2. Nf3 d5 3. d4 dxe4 4. Nxe5 Bd6 5. Nc4 Nf6 6. Nxd6+ Qxd6 7. c4 Nc6 8.
d5 Ne5 9. h3 O-O 10. Nc3 c6 11. Bg5 cxd5 12. Bxf6 Qxf6 13. Nxd5 Qd8 14. Be2 Bf5
15. O-O Nd3 16. Bxd3 exd3 17. Re1 Kh8 18. Qf3 Bg6 19. Rad1 Qa5 20. a3 Qa4 21.
Ne7 Qxc4 22. Nxg6+ hxg6 23. Qxd3 Qc6 24. Re7 Kg8 25. Qb3 b6 26. Rdd7 Qf6 27.
Rxa7 Rxa7 28. Rxa7 Re8 29. Qc3 Qd6 30. g3 Qd1+ 31. Kg2 Qd5+ 32. Qf3 Qe6 33. Rb7
Rd8 34. b4 f6 35. Rc7 Rd6 36. h4 Qe5 37. a4 Rd4 38. Rc8+ Kh7 39. a5 bxa5 40.
Qa8 Qd5+ 41. Qxd5 Rxd5 42. bxa5 Rxa5 43. Rc7 Rd5 44. Rc3 Rd4 45. Rf3 Kg8 46.
Re3 Kf7 47. Rf3 f5 48. Re3 Kf6 49. Rf3 g5 50. hxg5+ Kxg5 51. Rc3 Kf6 52. Rf3 g5
53. Rc3 g4 54. Re3 Kg5 55. Re2 Rd3 56. Re1 Rc3 57. Rh1 f4 58. Rh8 f3+ 59. Kh2
Rc2 60. Rg8+ Kf5 61. Kg1 Rc1+ {Time forfeit} 0-1

[Event "Rated Blitz game"]
[Site "?"]
[Date "2021.03.29"]
[Round "?"]
[White "TrispiosReturns"]
[Black "Jomajo"]
[Result "0-1"]
[WhiteElo "2533"]
[BlackElo "2618"]
[PlyCount "100"]
[EventDate "2021.??.??"]
[EventType "blitz"]

1. e4 e5 2. Nf3 d5 3. d4 dxe4 4. Nxe5 Bd6 5. Nc4 Nf6 6. Nxd6+ Qxd6 7. c4 Nc6 8.
d5 Ne5 9. Nc3 O-O 10. h3 Re8 11. Be3 c6 12. c5 Qd8 13. d6 b6 14. b4 bxc5 15.
bxc5 a5 16. Be2 Nd3+ 17. Bxd3 exd3 18. O-O Ba6 19. Re1 h6 20. Rb1 Rb8 21. Qf3
Rxb1 22. Rxb1 Qd7 23. Rb6 Bb7 24. Bd4 d2 25. Bxf6 gxf6 26. Kh2 Re5 27. Rb2 Rxc5
28. Rxd2 f5 29. Ne2 Re5 30. Ng3 Rd5 31. Rxd5 cxd5 32. Qf4 Bc8 33. Nh5 Qe6 34.
Qd4 Qxd6+ 35. f4 f6 36. Nxf6+ Kf7 37. Nxd5 Bb7 38. Qh8 Qxd5 39. Qh7+ Ke6 40.
Qxh6+ Kd7 41. Qg7+ Kc8 42. h4 Qe4 43. h5 Qxf4+ 44. Kh3 Qe3+ 45. Kh4 Qe4+ 46.
Kg5 Kb8 47. Kf6 f4 48. h6 Ka7 49. h7 Qd4+ 50. Kg6 Qf6+ {Time forfeit} 0-1

[Event "Rated Blitz game"]
[Site "?"]
[Date "2021.03.29"]
[Round "?"]
[White "Almi0791"]
[Black "Dzon_Vejn"]
[Result "0-1"]
[WhiteElo "2245"]
[BlackElo "2402"]
[PlyCount "76"]
[EventDate "2021.??.??"]
[EventType "blitz"]

1. e4 e5 2. Nf3 d5 3. d4 dxe4 4. Nxe5 Bd6 5. Nc4 Be7 6. Nc3 Nf6 7. Bg5 Bf5 8.
Ne3 Bg6 9. Bc4 O-O 10. O-O Nc6 11. d5 Ne5 12. Bb3 a5 13. a4 Bb4 14. h3 Bxc3 15.
bxc3 Qd6 16. Qd4 Nfd7 17. c4 b6 18. Bf4 Rae8 19. Rae1 h6 20. f3 exf3 21. gxf3
Qf6 22. c3 Nd3 23. Rd1 Qxd4 24. cxd4 Nxf4 25. d6 cxd6 26. c5 bxc5 27. dxc5 Nxc5
28. Bc2 Bxc2 29. Nxc2 d5 30. h4 Nxa4 31. Ra1 Nc3 32. Rxa5 Re2 33. Nd4 Rg2+ 34.
Kh1 Nce2 35. Nxe2 Rxe2 36. Ra4 g5 37. hxg5 hxg5 38. Rd4 f6 {Normal} 0-1

[Event "Rated Blitz game"]
[Site "?"]
[Date "2021.03.29"]
[Round "?"]
[White "Euromax"]
[Black "Jomajo"]
[Result "1-0"]
[WhiteElo "2423"]
[BlackElo "2623"]
[PlyCount "41"]
[EventDate "2021.??.??"]
[EventType "blitz"]

1. e4 e5 2. Nf3 d5 3. exd5 e4 4. Ne5 Qxd5 5. d4 exd3 6. Nxd3 Nc6 7. Nc3 Qa5 8.
Bd2 Nf6 9. Ne4 Qf5 10. Nxf6+ Qxf6 11. Be2 Bd6 12. O-O O-O 13. Bc3 Qh6 14. g3
Bh3 15. Re1 f5 16. f4 g5 17. Bf1 gxf4 18. Bxh3 fxg3 19. Bg2 Qxh2+ 20. Kf1 Bc5
21. Nxc5 {Normal} 1-0

[Event "Rated Blitz game"]
[Site "?"]
[Date "2021.03.29"]
[Round "?"]
[White "ekok1984"]
[Black "Jomajo"]
[Result "0-1"]
[WhiteElo "2405"]
[BlackElo "2602"]
[PlyCount "116"]
[EventDate "2021.??.??"]
[EventType "blitz"]

1. e4 e5 2. Nf3 d5 3. Nxe5 Bd6 4. d4 dxe4 5. Bc4 Bxe5 6. dxe5 Qxd1+ 7. Kxd1 Nc6
8. Bf4 Nge7 9. Re1 Bf5 10. Nc3 O-O-O+ 11. Ke2 Nd4+ 12. Kf1 Nxc2 13. Bxf7 Ng6
14. Bg5 Rdf8 15. e6 Nxa1 16. Rxa1 h6 17. Be3 b6 18. Nd5 Kb7 19. Rc1 c6 20. Nb4
Ne5 21. Bh5 g6 22. e7 Re8 23. Be2 Rxe7 24. Ba6+ Kb8 25. Nxc6+ Nxc6 26. Rxc6 g5
27. h3 Bc8 28. Be2 Bb7 29. Rf6 Bc8 30. Kg1 Re6 31. Rf7 Rd8 32. a4 Rd7 33. Rf8
Kc7 34. h4 gxh4 35. Bb5 Rd1+ 36. Kh2 a6 37. Bf4+ Kb7 38. Rf7+ Ka8 39. Bc4 Rc6
40. Bb3 Rd3 41. Ba2 b5 42. a5 b4 43. Bb1 b3 44. Bxd3 exd3 45. Rf8 Rc2 46. Be5
Kb7 47. Rd8 Bf5 48. Kg1 Kc6 49. f3 Bd7 50. Rb8 d2 51. Rxb3 d1=Q+ 52. Kh2 Qe2
53. Rc3+ Rxc3 54. Bxc3 h3 55. Kg3 Qxg2+ 56. Kf4 h2 57. Bd4 h1=Q 58. Be5 Qxf3# {
Normal} 0-1

[Event "Rated Blitz game"]
[Site "?"]
[Date "2021.03.29"]
[Round "?"]
[White "quetepasa"]
[Black "KamranShirazi"]
[Result "1-0"]
[WhiteElo "2502"]
[BlackElo "2523"]
[PlyCount "109"]
[EventDate "2021.??.??"]
[EventType "blitz"]

1. e4 e5 2. Nf3 d5 3. exd5 e4 4. Qe2 Nf6 5. d3 Bb4+ 6. c3 O-O 7. dxe4 Bc5 8.
Bg5 Re8 9. Nbd2 c6 10. O-O-O cxd5 11. Nb3 Bb6 12. e5 Nc6 13. Nbd4 Bg4 14. Nxc6
bxc6 15. h3 Bxf3 16. Qxf3 Rxe5 17. Bxf6 Qxf6 18. Qxf6 gxf6 19. f3 Rb8 20. Bd3
d4 21. c4 Ba5 22. Kc2 Re3 23. Be4 Re2+ 24. Kd3 Rbxb2 25. Kxd4 Bb6+ 26. c5 Bc7
27. Bxc6 Be5+ 28. Kd5 Rxa2 29. Bb5 Rxg2 30. Rhg1 Kf8 31. Rxg2 Rxg2 32. Bd7 Rf2
33. Bg4 Ra2 34. Rb1 a5 35. Rb7 Rd2+ 36. Kc6 Rc2 37. Ra7 Bc3 38. Bh5 Bb4 39.
Rxf7+ Kg8 40. Rxf6 Rxc5+ 41. Kb6 Rxh5 42. Rc6 Rxh3 43. f4 Rf3 44. Rc4 h5 45.
Kb5 h4 46. f5 Rxf5+ 47. Ka4 Rh5 48. Rc8+ Kg7 49. Rc7+ Kf6 50. Rc6+ Kf5 51. Rb6
h3 52. Rb5+ Kg4 53. Rb8 h2 54. Rg8+ Kh3 55. Rd8 {Time forfeit} 1-0

[Event "Rated Blitz game"]
[Site "?"]
[Date "2021.03.29"]
[Round "?"]
[White "K2Expedition"]
[Black "KamranShirazi"]
[Result "0-1"]
[WhiteElo "2496"]
[BlackElo "2527"]
[PlyCount "74"]
[EventDate "2021.??.??"]
[EventType "blitz"]

1. e4 e5 2. Nf3 d5 3. exd5 e4 4. Ne5 Qxd5 5. d4 exd3 6. Nxd3 Bd6 7. Nc3 Qf5 8.
Be2 Nc6 9. O-O Nd4 10. Be3 Nxe2+ 11. Nxe2 Be6 12. Ng3 Qa5 13. c3 Nf6 14. b4 Qb5
15. a4 Qc4 16. Bd4 O-O-O 17. Nb2 Qc6 18. b5 Qe8 19. Qc2 Kb8 20. Nd3 Bxg3 21.
hxg3 Bf5 22. Rfe1 Qf8 23. Qd2 Ne4 24. Qf4 Nd6 25. Nc5 g5 26. Qe5 Rg8 27. a5 f6
28. Qd5 Bc8 29. Ne6 Bxe6 30. Rxe6 Nc8 31. Qc4 Rd6 32. Rae1 Qf7 33. b6 axb6 34.
axb6 Nxb6 35. Bxb6 Rxb6 36. Re8+ Rxe8 37. Rxe8+ Qxe8 {Normal} 0-1

[Event "Rated Blitz game"]
[Site "?"]
[Date "2021.03.29"]
[Round "?"]
[White "Euromax"]
[Black "Jomajo"]
[Result "0-1"]
[WhiteElo "2472"]
[BlackElo "2617"]
[PlyCount "124"]
[EventDate "2021.??.??"]
[EventType "blitz"]

1. e4 e5 2. Nf3 d5 3. exd5 e4 4. Ne5 Qxd5 5. d4 exd3 6. Nxd3 Nc6 7. Nc3 Qa5 8.
Bd2 Nf6 9. Be2 Qf5 10. O-O Bd6 11. Bf3 O-O 12. Re1 Nd4 13. Ne4 Nxf3+ 14. Qxf3
Qxf3 15. gxf3 Bd7 16. Nxf6+ gxf6 17. Bc3 Kg7 18. Re4 Bf5 19. Rh4 Rae8 20. Nf4
Be5 21. Nh5+ Kg6 22. f4 Bxc3 23. bxc3 Re2 24. Ng3 Rxc2 25. Kh1 Bd7 26. f5+ Kg7
27. Nh5+ Kh8 28. Nxf6 Bxf5 29. Re1 Rxc3 30. Re5 Bg6 31. Nxh7 Kg7 32. Nxf8 Kxf8
33. Rh8+ Kg7 34. Rb8 b6 35. Re3 Rc2 36. a3 Rxf2 37. Rb7 a5 38. Rxc7 Rb2 39. Rc6
b5 40. Kg1 b4 41. axb4 axb4 42. Rb6 Bc2 43. Re7 Bg6 44. Rbb7 b3 45. Re3 Bc2 46.
Ree7 Bg6 47. Re3 Rb1+ 48. Kf2 b2 49. Re2 Rh1 50. Rbxb2 Rxh2+ 51. Kg3 Rh5 52.
Rf2 Rg5+ 53. Kf3 Rd5 54. Kf4 Rd4+ 55. Ke3 Re4+ 56. Kd2 Re6 57. Rg2 Rd6+ 58. Ke1
Rc6 59. Kf1 Rf6+ 60. Kg1 Rf5 61. Kh1 Rh5+ 62. Kg1 Rh4 {Time forfeit} 0-1

[Event "Rated Blitz game"]
[Site "?"]
[Date "2021.03.29"]
[Round "?"]
[White "Lode77"]
[Black "KamranShirazi"]
[Result "0-1"]
[WhiteElo "2397"]
[BlackElo "2547"]
[PlyCount "44"]
[EventDate "2021.??.??"]
[EventType "blitz"]

1. e4 e5 2. Nf3 d5 3. Nxe5 Bd6 4. d4 dxe4 5. Nc4 Nc6 6. Be2 Nxd4 7. O-O Bf5 8.
Bg4 Bxg4 9. Qxg4 Nf6 10. Qxg7 Bxh2+ 11. Kh1 Rg8 12. Qh6 Bd6 13. Nba3 Bxa3 14.
Nxa3 Nf5 15. Qh3 Ng4 16. Bf4 Qh4 17. Qxh4 Nxh4 18. Nb5 O-O-O 19. Nxa7+ Kb8 20.
Nb5 Rd5 21. Nxc7 Rh5 22. Nd5+ Ka7 {Time forfeit} 0-1

[Event "Rated Blitz game"]
[Site "?"]
[Date "2021.03.29"]
[Round "?"]
[White "ViktorStoyanov"]
[Black "JakobVangGlud"]
[Result "0-1"]
[WhiteElo "2402"]
[BlackElo "2560"]
[PlyCount "22"]
[EventDate "2021.??.??"]
[EventType "blitz"]

1. e4 e5 2. Nf3 d5 3. Nxe5 dxe4 4. Bc4 Qg5 5. Nxf7 Qxg2 6. Rf1 Nf6 7. Nxh8 Nc6
8. c3 Ne5 9. Be2 Bg4 10. d4 exd3 11. Bxg4 Nfxg4 {Normal} 0-1

[Event "Rated Blitz game"]
[Site "?"]
[Date "2021.03.29"]
[Round "?"]
[White "kadirtoren1313"]
[Black "KamranShirazi"]
[Result "0-1"]
[WhiteElo "2373"]
[BlackElo "2539"]
[PlyCount "70"]
[EventDate "2021.??.??"]
[EventType "blitz"]

1. e4 e5 2. Nf3 d5 3. d4 dxe4 4. Nxe5 Nd7 5. Nxd7 Bxd7 6. Be2 Bd6 7. O-O h5 8.
c4 Nf6 9. c5 Be7 10. Bf4 Nd5 11. Be5 f6 12. Bxh5+ Kf8 13. Bg3 f5 14. Nc3 Bc6
15. Nxd5 Qxd5 16. Be5 Bxc5 17. Bxg7+ Kxg7 18. dxc5 Qxc5 19. Rc1 Qe5 20. g3 Qxb2
21. Rxc6 bxc6 22. Qd7+ Kh6 23. Qxf5 Qg7 24. g4 Raf8 25. Qxe4 Qg5 26. h4 Qg7 27.
Rc1 Rf6 28. Rxc6 Rhf8 29. g5+ Kxh5 30. Qe2+ Rf3 31. Rh6+ Kg4 32. Qe6+ R8f5 33.
Qe4+ Kh3 34. Kh1 Qa1+ 35. Qb1 Qxb1# {Normal} 0-1

[Event "Rated Blitz game"]
[Site "?"]
[Date "2021.03.29"]
[Round "?"]
[White "ComplianceWithLaw"]
[Black "Jomajo"]
[Result "1-0"]
[WhiteElo "2602"]
[BlackElo "2612"]
[PlyCount "49"]
[EventDate "2021.??.??"]
[EventType "blitz"]

1. e4 e5 2. Nf3 d5 3. Nxe5 Bd6 4. d4 dxe4 5. Bc4 Bxe5 6. Qh5 Qe7 7. Qxe5 Qxe5
8. dxe5 Nc6 9. Bf4 Nge7 10. Nc3 Ng6 11. Bg3 Ncxe5 12. Bd5 f5 13. h4 h5 14.
O-O-O c6 15. Bb3 Bd7 16. Rd6 Ke7 17. Rhd1 f4 18. Bh2 Bf5 19. Ne2 Nd3+ 20. cxd3
Kxd6 21. dxe4+ Ke5 22. exf5 Kxf5 23. Nd4+ Kf6 24. Ne6 Rhe8 25. Nc7 {Normal} 1-0

[Event "Rated Blitz game"]
[Site "?"]
[Date "2021.03.29"]
[Round "?"]
[White "ComplianceWithLaw"]
[Black "Jomajo"]
[Result "0-1"]
[WhiteElo "2614"]
[BlackElo "2601"]
[PlyCount "106"]
[EventDate "2021.??.??"]
[EventType "blitz"]

1. e4 e5 2. Nf3 d5 3. Nxe5 Bd6 4. d4 dxe4 5. Bc4 Bxe5 6. Qh5 Qe7 7. Qxe5 Qxe5
8. dxe5 Nc6 9. Bf4 Nge7 10. Nc3 Ng6 11. Bg3 Ncxe5 12. Bb3 f5 13. Nd5 Kd8 14.
O-O-O Bd7 15. h4 h5 16. Nf4 Ke7 17. Nxg6+ Nxg6 18. Bxc7 Be6 19. Bxe6 Kxe6 20.
Rd6+ Kf7 21. Rd7+ Kf6 22. Rhd1 Rhe8 23. R1d6+ Re6 24. Bd8+ Ke5 25. Rd5+ Kf4 26.
Bc7+ Kg4 27. Rxg7 Rf8 28. Bd8 a6 29. Kd2 b5 30. Ke3 f4+ 31. Ke2 f3+ 32. Kf1 Rf5
33. Rxf5 Kxf5 34. Rf7+ Kg4 35. g3 Rd6 36. Ba5 Rd1+ 37. Be1 Rd6 38. b3 Rc6 39.
c4 bxc4 40. bxc4 Rxc4 41. Rf6 Ne5 42. Rf4+ Kh3 43. Bd2 Rc2 44. Be3 Ng4 45. Rxe4
Rxa2 46. Ke1 Kg2 47. Bc5 Ra1+ 48. Kd2 Ra2+ 49. Kd3 Nxf2+ 50. Bxf2 Kxf2 51. Rf4
Kxg3 52. Rf5 Kg4 53. Rxh5 Kxh5 {Normal} 0-1

[Event "Rated Blitz game"]
[Site "?"]
[Date "2021.03.29"]
[Round "?"]
[White "ricjimenez_50"]
[Black "MilisegundoBoomCamaa"]
[Result "0-1"]
[WhiteElo "2406"]
[BlackElo "2278"]
[PlyCount "36"]
[EventDate "2021.??.??"]
[EventType "blitz"]

1. e4 e5 2. Nf3 d5 3. exd5 e4 4. Ne5 Bd6 5. d4 exd3 6. Nxd3 Nf6 7. c4 O-O 8.
Be2 Re8 9. O-O Bf5 10. Be3 Bxd3 11. Bxd3 Nbd7 12. Nc3 h5 13. Rc1 Bxh2+ 14. Kxh2
Ng4+ 15. Kg1 Rxe3 16. fxe3 Qh4 17. Rf3 Nde5 18. Qe2 Qh2+ {Normal} 0-1

[Event "Rated Blitz game"]
[Site "?"]
[Date "2021.03.29"]
[Round "?"]
[White "ComplianceWithLaw"]
[Black "Jomajo"]
[Result "1-0"]
[WhiteElo "2601"]
[BlackElo "2612"]
[PlyCount "95"]
[EventDate "2021.??.??"]
[EventType "blitz"]

1. e4 e5 2. Nf3 d5 3. Nc3 d4 4. Ne2 d3 5. Ng3 dxc2 6. Qxc2 Bd6 7. Bc4 Bg4 8.
Qb3 Bxf3 9. Bxf7+ Kf8 10. Qxf3 Nf6 11. Bb3 Nc6 12. Nf5 g6 13. Nh6 Nd4 14. Qe3
Nxb3 15. Qxb3 Qe7 16. Qxb7 Kg7 17. d3 Bb4+ 18. Ke2 Rab8 19. Qa6 Bc5 20. b3 Rhd8
21. Bg5 Rd6 22. Qc4 Rd4 23. Qc2 Qd6 24. Rhd1 Rf8 25. f3 Nh5 26. Rac1 Bb6 27. g3
Qe6 28. Ng4 Rf7 29. Qc6 Rd6 30. Qc4 Bd4 31. Bh6+ Kg8 32. Qxe6 Rxe6 33. Rc4 Nf6
34. Nxf6+ Rexf6 35. Rf1 c5 36. Bd2 Kg7 37. h4 Rd6 38. f4 Rfd7 39. f5 Bb2 40.
Rf3 Ba3 41. Bc3 Re7 42. g4 h6 43. g5 hxg5 44. hxg5 Kf7 45. f6 Re8 46. Rh3 Rd7
47. Ra4 Ke6 48. Ra6+ {Normal} 1-0

[Event "Rated Blitz game"]
[Site "?"]
[Date "2021.03.29"]
[Round "?"]
[White "WelshTiger"]
[Black "DonCroccante"]
[Result "0-1"]
[WhiteElo "2411"]
[BlackElo "2254"]
[PlyCount "44"]
[EventDate "2021.??.??"]
[EventType "blitz"]

1. e4 e5 2. Nf3 d5 3. exd5 e4 4. Qe2 Nf6 5. Nc3 Be7 6. Nxe4 O-O 7. d3 Nxd5 8.
Qd1 f5 9. Nc3 Nxc3 10. bxc3 Bf6 11. Bd2 Re8+ 12. Be2 Qe7 13. Kf1 c5 14. Rb1 Nc6
15. h4 h6 16. h5 Be6 17. c4 Rad8 18. Bf4 Bxc4 19. Nd2 Bxa2 20. Rb5 Nd4 21. Ra5
Nxe2 22. Bh2 Nc3 {Time forfeit} 0-1

[Event "Rated Blitz game"]
[Site "?"]
[Date "2021.03.29"]
[Round "?"]
[White "minecraft_storify"]
[Black "Jomajo"]
[Result "0-1"]
[WhiteElo "2559"]
[BlackElo "2601"]
[PlyCount "98"]
[EventDate "2021.??.??"]
[EventType "blitz"]

1. e4 e5 2. Nf3 d5 3. exd5 e4 4. Ne5 Qxd5 5. d4 exd3 6. Nxd3 Nc6 7. Nc3 Qa5 8.
Bd2 Bd6 9. Be2 Qf5 10. O-O Nf6 11. Bf3 O-O 12. Re1 Nd4 13. Be4 Bxh2+ 14. Kh1
Qxf2 15. Be3 Qh4 16. Bf2 Bg3+ 17. Kg1 Qh2+ 18. Kf1 Ng4 19. Bxd4 Qh1+ 20. Ke2
Bxe1 21. Qxe1 Qh6 22. Qg3 c6 23. Nf2 Nxf2 24. Kxf2 f5 25. Bd3 f4 26. Qf3 Bf5
27. Bc4+ Kh8 28. Re1 Rad8 29. Bxa7 Qh2 30. Bd3 Bxd3 31. cxd3 Qh6 32. Bc5 Rf5
33. d4 Qg6 34. Ne4 h6 35. Nd6 Rxd6 36. Bxd6 Qxd6 37. Qe4 Qf6 38. Qe8+ Kh7 39.
Qe4 Qg6 40. Kg1 Rf6 41. Qf3 Qf5 42. Rf1 Qd5 43. Qd3+ Kg8 44. Re1 f3 45. Re8+
Kf7 46. Rb8 f2+ 47. Kf1 Qd7 48. Qg3 Qe7 49. Rc8 Qe1# {Normal} 0-1

[Event "Rated Blitz game"]
[Site "?"]
[Date "2021.03.29"]
[Round "?"]
[White "ComplianceWithLaw"]
[Black "Jomajo"]
[Result "0-1"]
[WhiteElo "2614"]
[BlackElo "2601"]
[PlyCount "24"]
[EventDate "2021.??.??"]
[EventType "blitz"]

1. e4 e5 2. Nf3 d5 3. exd5 e4 4. Nd4 Qxd5 5. Nb5 Qe5 6. Qe2 Nc6 7. d4 Nxd4 8.
Nxd4 Qxd4 9. Nc3 Nf6 10. Nb5 Qe5 11. Bd2 a6 12. Bc3 Qxb5 {Normal} 0-1

[Event "Rated Blitz game"]
[Site "?"]
[Date "2021.03.29"]
[Round "?"]
[White "j_lisbon"]
[Black "Piaget_96"]
[Result "0-1"]
[WhiteElo "2293"]
[BlackElo "2406"]
[PlyCount "100"]
[EventDate "2021.??.??"]
[EventType "blitz"]

1. e4 e5 2. Nf3 d5 3. Nxe5 Bd6 4. d4 dxe4 5. Nc4 Nc6 6. Be3 Nge7 7. Nc3 Bb4 8.
Be2 Bxc3+ 9. bxc3 O-O 10. O-O f5 11. Qd2 Nd5 12. Bg5 e3 13. Bxe3 f4 14. Bd3
fxe3 15. fxe3 Rxf1+ 16. Rxf1 b5 17. Nb2 a6 18. e4 Nb6 19. e5 Be6 20. Nd1 Nc4
21. Qe2 Ne7 22. Nf2 Nb2 23. Ne4 Nxd3 24. cxd3 Bf5 25. Nc5 c6 26. Qe3 Bg6 27.
Qh3 Nd5 28. Qe6+ Kh8 29. Qxc6 Nxc3 30. Ne6 Qd5 31. Qxc3 Qxe6 32. Qc5 Kg8 33.
Re1 Bxd3 34. d5 Qg4 35. d6 Be4 36. Qf2 Bd5 37. Qd2 Be6 38. h3 Qc4 39. a3 Rd8
40. Qe3 Rc8 41. Qa7 Qd5 42. Qe7 h6 43. Kh2 Rc2 44. Rg1 Bxh3 45. Kxh3 Qd3+ 46.
Kh2 Qd5 47. Qd8+ Kh7 48. Qe7 Rc3 49. d7 Rd3 50. e6 Qh5+ {Normal} 0-1

[Event "Rated Blitz game"]
[Site "?"]
[Date "2021.03.28"]
[Round "?"]
[White "Zajkorf"]
[Black "CaroyinixDiscomix"]
[Result "1-0"]
[WhiteElo "2315"]
[BlackElo "2424"]
[PlyCount "85"]
[EventDate "2021.??.??"]
[EventType "blitz"]

1. e4 e5 2. Nf3 d5 3. exd5 e4 4. Qe2 Nf6 5. Nc3 Be7 6. Nxe4 Nxd5 7. c3 c5 8.
Qd1 O-O 9. d4 Re8 10. Be2 Nc6 11. O-O cxd4 12. cxd4 Bf5 13. Bd3 Bg4 14. Be3 Nf6
15. h3 Bh5 16. Nxf6+ Bxf6 17. g4 Bg6 18. Bxg6 hxg6 19. d5 Nb4 20. d6 Re6 21.
Bc5 Na6 22. Ba3 b5 23. Qd2 b4 24. Bxb4 Nxb4 25. Qxb4 Rb8 26. Qa4 Rxd6 27. Rfe1
Bxb2 28. Rab1 Rdb6 29. Rbd1 Qf6 30. Re8+ Kh7 31. Kg2 Rb4 32. Qd7 Rxe8 33. Qxe8
g5 34. Rd8 g6 35. Qg8+ Kh6 36. Qf8+ Qg7 37. Qxb4 Kh7 38. Nxg5+ Kh6 39. Nf3 g5
40. Rd6+ Kh7 41. Qe4+ f5 42. Qxf5+ Kg8 43. Rd8+ {Normal} 1-0

[Event "Rated Blitz game"]
[Site "?"]
[Date "2021.03.28"]
[Round "?"]
[White "rampageJackson"]
[Black "jflup"]
[Result "1-0"]
[WhiteElo "2300"]
[BlackElo "2454"]
[PlyCount "99"]
[EventDate "2021.??.??"]
[EventType "blitz"]

1. e4 e5 2. Nf3 d5 3. Nxe5 Bd6 4. d4 dxe4 5. Nc4 Be7 6. Be2 Nf6 7. O-O O-O 8.
Ne3 Nc6 9. d5 Ne5 10. c4 c5 11. Nc3 Bd6 12. Nb5 Bb8 13. b3 a6 14. Nc3 Qd6 15.
g3 g6 16. Qc2 Bh3 17. Re1 Re8 18. Bb2 h5 19. Nxe4 Nxe4 20. Qxe4 Bc7 21. Qh4 Bd7
22. f4 Nf3+ 23. Bxf3 Bd8 24. Be5 Qb6 25. Qxd8 Raxd8 26. d6 Bc6 27. Nd5 Bxd5 28.
Bxd5 Rxd6 29. Bxd6 Rxe1+ 30. Rxe1 Qxd6 31. Re8+ Kg7 32. Re2 Kf8 33. Bxb7 Qd1+
34. Kf2 Qd4+ 35. Kg2 a5 36. Bc6 h4 37. Bd5 Qd1 38. Rf2 Qe1 39. gxh4 Qe3 40. f5
gxf5 41. Rxf5 Qd2+ 42. Rf2 Qc3 43. Rxf7+ Ke8 44. h5 Qd2+ 45. Kf3 Qxa2 46. h4
Qxb3+ 47. Kg4 Qd1+ 48. Rf3 a4 49. h6 a3 50. h7 {Time forfeit} 1-0

[Event "Rated Blitz game"]
[Site "?"]
[Date "2021.03.28"]
[Round "?"]
[White "LGNR"]
[Black "pasha1984"]
[Result "1-0"]
[WhiteElo "2340"]
[BlackElo "2429"]
[PlyCount "29"]
[EventDate "2021.??.??"]
[EventType "blitz"]

1. e4 e5 2. Nf3 d5 3. d4 dxe4 4. Nxe5 Bd6 5. Nc4 Nc6 6. Nc3 Bb4 7. Be3 Nf6 8.
a3 Bxc3+ 9. bxc3 Nd5 10. Qd2 O-O 11. Rb1 f5 12. g3 Qf6 13. Rb5 Qe6 14. Nb2 a6
15. Rxd5 {Normal} 1-0

[Event "Rated Blitz tournament V3p6Kspk"]
[Site "?"]
[Date "2021.03.28"]
[Round "?"]
[White "AMR25"]
[Black "cuerosky"]
[Result "1-0"]
[WhiteElo "2479"]
[BlackElo "2234"]
[PlyCount "98"]
[EventDate "2021.??.??"]
[EventType "blitz"]

1. e4 e5 2. Nf3 d5 3. Nc3 dxe4 4. Nxe4 Nf6 5. Nxf6+ Qxf6 6. d3 h6 7. Be3 Nc6 8.
Be2 Bd6 9. O-O Bf5 10. Nd2 O-O-O 11. a3 g5 12. b4 Nd4 13. Ne4 Qg6 14. Bh5 Qg7
15. Bxd4 exd4 16. Re1 Be7 17. Ng3 Be6 18. Bg4 Rd6 19. Bxe6+ fxe6 20. b5 e5 21.
Nf5 Qg6 22. Nxd6+ Bxd6 23. Qg4+ Kb8 24. a4 h5 25. Qe4 Qg7 26. a5 Qh7 27. Qd5
Qg8 28. Qe4 Qh7 29. a6 Qxe4 30. Rxe4 b6 31. Rae1 Rf8 32. g3 g4 33. Kg2 Kc8 34.
R1e2 Kd7 35. h3 gxh3+ 36. Kxh3 c6 37. bxc6+ Kxc6 38. Rh4 Rh8 39. f4 exf4 40.
gxf4 Kb5 41. Re6 Bc5 42. f5 Kxa6 43. f6 Rf8 44. Rxh5 Kb5 45. Rf5 a5 46. f7 a4
47. Re8 a3 48. Rxf8 a2 49. Ra8 Kb4 {Normal} 1-0

[Event "Rated Blitz game"]
[Site "?"]
[Date "2021.03.28"]
[Round "?"]
[White "Zorbos"]
[Black "Akbas_Kaan"]
[Result "1-0"]
[WhiteElo "2561"]
[BlackElo "2432"]
[PlyCount "71"]
[EventDate "2021.??.??"]
[EventType "blitz"]

1. e4 e5 2. Nf3 d5 3. exd5 e4 4. Qe2 Nf6 5. Nc3 Be7 6. Nxe4 O-O 7. d3 Qxd5 8.
Nc3 Qa5 9. Bd2 Nc6 10. O-O-O Bg4 11. h3 Be6 12. Kb1 Bb4 13. a3 Bxa3 14. Ne4 Bb4
15. Bxb4 Qa2+ 16. Kc1 Nxb4 17. Nxf6+ gxf6 18. Qe4 Qa1+ 19. Kd2 Qxb2 20. Nd4
Rad8 21. Nxe6 Qxc2+ 22. Ke1 Qc3+ 23. Rd2 fxe6 24. Qc4 Qe5+ 25. Kd1 Qa1+ 26. Qc1
Qa4+ 27. Ke1 Rd5 28. Be2 Re5 29. f3 Qa5 30. Kf2 Rf5 31. Re1 Qb6+ 32. Kf1 Nd5
33. Rb2 Ne3+ 34. Kg1 Ng4+ 35. Rxb6 Nf2 36. Kxf2 {Normal} 1-0

[Event "Rated Blitz tournament PMHPCJer"]
[Site "?"]
[Date "2021.03.28"]
[Round "?"]
[White "Paul_W_Hipona25"]
[Black "geptil"]
[Result "1/2-1/2"]
[WhiteElo "2216"]
[BlackElo "2462"]
[PlyCount "82"]
[EventDate "2021.??.??"]
[EventType "blitz"]

1. e4 e5 2. Nf3 d5 3. Nxe5 Bd6 4. Nf3 dxe4 5. Ng1 Nf6 6. d3 O-O 7. dxe4 Nxe4 8.
Be2 Nc6 9. Nf3 Bf5 10. O-O Qf6 11. Nbd2 Rad8 12. Nxe4 Bxe4 13. Bd3 Bxf3 14.
Qxf3 Qxf3 15. gxf3 Ne5 16. Be4 c6 17. Be3 f5 18. f4 fxe4 19. fxe5 Bxe5 20. Bxa7
Rd2 21. Rae1 Rf4 22. h3 Rxc2 23. Be3 Rh4 24. Bg5 Rh5 25. Bc1 Bd4 26. Rxe4 c5
27. Be3 Rxb2 28. Bxd4 cxd4 29. Rxd4 Rxh3 30. Rc1 Rf3 31. Rd7 Rfxf2 32. Rc8+ Rf8
33. Rcc7 Re8 34. Rxg7+ Kh8 35. Rxh7+ Kg8 36. Rcg7+ Kf8 37. Rf7+ Kg8 38. Rfg7+
Kf8 39. Rf7+ Kg8 40. Rhg7+ Kh8 41. Rh7+ Kg8 {Normal} 1/2-1/2

[Event "Rated Blitz tournament nFM4RuBR"]
[Site "?"]
[Date "2021.03.28"]
[Round "?"]
[White "guritno-kbpl"]
[Black "om_gendut"]
[Result "1/2-1/2"]
[WhiteElo "2299"]
[BlackElo "2401"]
[PlyCount "27"]
[EventDate "2021.??.??"]
[EventType "blitz"]

1. e4 e5 2. Nf3 d5 3. exd5 e4 4. Qe2 Be7 5. Qxe4 Nf6 6. Qe2 O-O 7. d3 Bb4+ 8.
c3 Re8 9. Be3 Bf8 10. c4 c6 11. dxc6 Nxc6 12. Nc3 Bb4 13. Qc2 Bg4 14. Be2 {
Normal} 1/2-1/2